| 000 | 00699cam a22002412 4500 | ||
|---|---|---|---|
| 999 |
_c17250 _d17250 |
||
| 001 | 0000003414 | ||
| 003 | OSt | ||
| 005 | 20181009165833.0 | ||
| 008 | 070507s xx 000 0 eng d | ||
| 020 | _a0199699483 : | ||
| 040 |
_aKABU _cKABU |
||
| 050 | 0 |
_aKD1554 _b.A7P66 2012 |
|
| 100 | 1 | _aPoole, Jill. | |
| 245 | 1 | 0 |
_aCasebook on contract law / _cJill Poole. |
| 246 | 3 | _aCasebook on contract law | |
| 250 | _a11th ed. | ||
| 260 |
_aOxford : _bOUP _c2012. |
||
| 300 | _axliii, 751 p. ; | ||
| 650 | 0 |
_aContracts _zUnited Kingdom. |
|
| 908 | _a070507 | ||
| 942 |
_2lcc _cBK _e11th _hKD1554 _i.A7P66 2012 |
||